A sixty year retrospective /

Збережено в:
Бібліографічні деталі
Автор: Rockwell, Norman (autor)
Формат: Книга
Мова:Англійська
Опубліковано: Nueva York, EUA : Harry N. Abrams, 1972
Предмети:
Теги: Додати тег
Немає тегів, Будьте першим, хто поставить тег для цього запису!

MARC

LEADER 00000nam^a2200000^a^4500
001 000009046
005 20250521000000.0
009 20260310083608.457
037 |a Acervo ITESO - Biblioteca 
041 |a ING 
082 |a 770.  |b ROC 
100 |a Rockwell, Norman  |e (autor) 
245 1 2 |a A sixty year retrospective /  |c N. Rockwell. 
264 1 |a Nueva York, EUA :  |b Harry N. Abrams,  |c 1972 
300 |a 157 p. 
336 |a texto  |b txt  |2 rdacontenido 
337 |a sin mediación  |b n  |2 rdamedio 
338 |a volumen  |b nc  |2 rdasoporte 
649 |a XX 
650 |a Fotografía 
910 |a Fondo General 
920 |a Impresos - Libros 
930 |a Colección General 
905 |a 101 
901 |a 0090460100  |b IT1  |c ACC  |i 009046  |u 20250521 
902 |a https://opac.biblio.iteso.mx/vufind/Record/000009046